North East India General Mission: (Record no. 5375)
[ view plain ]
| 000 -LEADER | |
|---|---|
| fixed length control field | 00524nam a22001697a 4500 |
| 003 - CONTROL NUMBER IDENTIFIER | |
| control field | GBCCL |
| 005 - DATE AND TIME OF LATEST TRANSACTION | |
| control field | 20241126110540.0 |
| 008 - FIXED-LENGTH DATA ELEMENTS--GENERAL INFORMATION | |
| fixed length control field | 180315b ||||| |||| 00| 0 eng d |
| 040 ## - CATALOGING SOURCE | |
| Transcribing agency | gbc |
| 082 ## - DEWEY DECIMAL CLASSIFICATION NUMBER | |
| Classification number | VER 266.00922 |
| Item number | CHI |
| 100 ## - MAIN ENTRY--PERSONAL NAME | |
| Personal name | Chinsuanthang, Hs. |
| 9 (RLIN) | 7443 |
| 245 ## - TITLE STATEMENT | |
| Title | North East India General Mission: |
| Remainder of title | Old Churachand Mimasate / |
| Statement of responsibility, etc. | Hs. Chinsuanthang |
| 260 ## - PUBLICATION, DISTRIBUTION, ETC. | |
| Place of publication, distribution, etc. | Bungmual: |
| Name of publisher, distributor, etc. | Hs. Thawngthawn, |
| Date of publication, distribution, etc. | 2009 |
| 300 ## - PHYSICAL DESCRIPTION | |
| Extent | 119 p.; |
| Other physical details | ill., |
| Dimensions | 21 cm. |
| 650 ## - SUBJECT ADDED ENTRY--TOPICAL TERM | |
| Topical term or geographic name entry element | Missionaries |
| Geographic subdivision | North East |
| -- | India |
| -- | Manipur |
| 9 (RLIN) | 9672 |
| 942 ## - ADDED ENTRY ELEMENTS (KOHA) | |
| Source of classification or shelving scheme | Dewey Decimal Classification |
| Koha item type | Books |
| Koha issues (borrowed), all copies | 3 |
| Withdrawn status | Lost status | Source of classification or shelving scheme | Damaged status | Not for loan | Collection | Home library | Current Library | Shelving location | Date acquired | Total checkouts | Full call number | Barcode | Date last seen | Copy number | Price effective from | Koha item type | Date last checked out |
|---|---|---|---|---|---|---|---|---|---|---|---|---|---|---|---|---|---|
| Dewey Decimal Classification | GRACE BIBLE COLLEGE | GRACE BIBLE COLLEGE | Archives | 2018-03-15 | VER 266.00922 CHI | 012601 | 2025-05-01 | c.1 | 2018-03-15 | Archives | |||||||
| Dewey Decimal Classification | GRACE BIBLE COLLEGE | GRACE BIBLE COLLEGE | Vernacular | 2018-03-16 | VER 266.00922 CHI | 012612 | 2022-05-24 | c.2 | 2018-03-16 | Books | |||||||
| Dewey Decimal Classification | GRACE BIBLE COLLEGE | GRACE BIBLE COLLEGE | Vernacular | 2018-03-28 | 2 | VER 266.00922 CHI | 012613 | 2025-05-01 | c.3 | 2018-03-28 | Books | 2023-02-24 | |||||
| Dewey Decimal Classification | GRACE BIBLE COLLEGE | GRACE BIBLE COLLEGE | Vernacular | 2018-03-28 | 1 | VER 266.00922 CHI | 012614 | 2025-05-01 | c.4 | 2018-03-28 | Books | 2022-09-27 |